[Event "ODJM B 2025"]
[Site "Willingen GER"]
[Date "2025.06.08"]
[Round "1"]
[White "Malinowsky, Celina"]
[Black "Päpke, Aaron"]
[Result "0-1"]
[Termination "normal"]
[Board "37"]
[WhiteElo "1742"]
[BlackElo "1652"]
[WhiteClock "00:34:48"]
[BlackClock "00:52:57"]
[PlyCount "90"]
[WhiteFideId "16266986"]
[BlackFideId "34684930"]
[EventCountry "GER"]
[EventRounds "9"]
[EventType "swiss"]
[EventDate "2025.06.07"]

1. e4 {[%clk 01:30:56]} {[%emt 00:00:04]} c5 {[%clk 01:30:45]} {[%emt
00:00:16]} 2. Nf3 {[%clk 01:31:12]} {[%emt 00:00:13]} Nc6 {[%clk 01:31:10]}
{[%emt 00:00:05]} 3. Bb5 {[%clk 01:31:21]} {[%emt 00:00:21]} g6 {[%clk
01:31:25]} {[%emt 00:00:15]} 4. O-O {[%clk 01:31:15]} {[%emt 00:00:35]} Bg7
{[%clk 01:31:50]} {[%emt 00:00:06]} 5. c3 {[%clk 01:31:25]} {[%emt 00:00:21]}
e5 {[%clk 01:30:48]} {[%emt 00:01:32]} 6. d4 {[%clk 01:31:38]} {[%emt
00:00:16]} cxd4 {[%clk 01:31:08]} {[%emt 00:00:10]} 7. cxd4 {[%clk 01:31:36]}
{[%emt 00:00:32]} exd4 {[%clk 01:30:08]} {[%emt 00:01:30]} 8. Bf4 {[%clk
01:31:45]} {[%emt 00:00:21]} Nge7 {[%clk 01:28:18]} {[%emt 00:02:20]} 9. Bd6
{[%clk 01:31:35]} {[%emt 00:00:39]} Qb6 {[%clk 01:27:17]} {[%emt 00:01:31]} 10.
Qd3 {[%clk 01:23:07]} {[%emt 00:08:59]} a6 {[%clk 01:26:24]} {[%emt 00:01:22]}
11. Bxc6 {[%clk 01:21:38]} {[%emt 00:02:00]} Nxc6 {[%clk 01:25:35]} {[%emt
00:01:20]} 12. Qd2 {[%clk 01:17:45]} {[%emt 00:04:22]} Na5 {[%clk 01:24:26]}
{[%emt 00:01:39]} 13. e5 {[%clk 01:13:24]} {[%emt 00:04:51]} Nc4 {[%clk
01:20:30]} {[%emt 00:04:25]} 14. Qb4 {[%clk 01:09:56]} {[%emt 00:03:59]} Qxb4
{[%clk 01:18:15]} {[%emt 00:02:45]} 15. Bxb4 {[%clk 01:10:19]} {[%emt
00:00:07]} Nxb2 {[%clk 01:16:45]} {[%emt 00:01:59]} 16. Nxd4 {[%emt 00:08:21]}
Nc4 {[%clk 01:10:33]} 17. Re1 {[%clk 01:03:53]} {[%emt 00:05:48]} a5 {[%clk
01:09:24]} {[%emt 00:01:39]} 18. Nb5 {[%clk 01:01:29]} {[%emt 00:02:55]} axb4
{[%clk 01:09:11]} {[%emt 00:00:43]} 19. Nc7+ {[%clk 01:01:51]} {[%emt
00:00:08]} Kd8 {[%clk 01:09:35]} {[%emt 00:00:05]} 20. Nxa8 {[%clk 01:02:13]}
{[%emt 00:00:08]} Nxe5 {[%clk 01:02:42]} {[%emt 00:07:24]} 21. Nb6 {[%clk
01:00:55]} {[%emt 00:01:48]} Nd3 {[%clk 01:02:41]} {[%emt 00:00:29]} 22. Rd1
{[%clk 00:59:57]} {[%emt 00:01:30]} Nxf2 {[%clk 01:00:41]} {[%emt 00:02:30]}
23. Kxf2 {[%clk 01:00:15]} {[%emt 00:00:12]} Bxa1 {[%clk 01:01:05]} {[%emt
00:00:05]} 24. Nd5 {[%clk 00:58:47]} {[%emt 00:01:59]} Be5 {[%clk 01:00:01]}
{[%emt 00:01:31]} 25. Nxb4 {[%clk 00:58:23]} {[%emt 00:00:57]} d6 {[%clk
01:00:24]} {[%emt 00:00:07]} 26. Na3 {[%clk 00:55:48]} {[%emt 00:03:05]} Be6
{[%clk 00:59:36]} {[%emt 00:01:18]} 27. Nb5 {[%clk 00:53:59]} {[%emt 00:02:19]}
Kd7 {[%clk 00:58:07]} {[%emt 00:01:56]} 28. Nd3 {[%clk 00:54:09]} {[%emt
00:00:24]} Kc6 {[%clk 00:57:34]} {[%emt 00:01:01]} 29. a4 {[%clk 00:52:27]}
{[%emt 00:02:14]} Ra8 {[%clk 00:56:43]} {[%emt 00:01:19]} 30. Nb4+ {[%clk
00:47:01]} {[%emt 00:05:57]} Kb6 {[%clk 00:51:39]} {[%emt 00:05:34]} 31. Nd3
{[%clk 00:40:34]} {[%emt 00:06:57]} Rxa4 {[%clk 00:49:52]} {[%emt 00:02:16]}
32. Nxe5 {[%clk 00:37:46]} {[%emt 00:03:18]} Ra2+ {[%clk 00:49:45]} {[%emt
00:00:36]} 33. Kf3 {[%clk 00:36:52]} {[%emt 00:01:26]} dxe5 {[%clk 00:49:45]}
{[%emt 00:00:30]} 34. Nd6 {[%emt 00:01:03]} h5 {[%clk 00:50:04]} 35. h3 {[%clk
00:35:32]} {[%emt 00:01:28]} Kc6 {[%clk 00:50:22]} {[%emt 00:00:11]} 36. Ne4
{[%clk 00:34:56]} {[%emt 00:01:07]} Bd5 {[%clk 00:50:44]} {[%emt 00:00:08]} 37.
Rxd5 {[%clk 00:35:18]} {[%emt 00:00:09]} Ra3+ {[%clk 00:51:05]} {[%emt
00:00:08]} 38. Ke2 {[%clk 00:33:59]} {[%emt 00:01:48]} Kxd5 {[%clk 00:51:29]}
{[%emt 00:00:06]} 39. Nf6+ {[%clk 00:33:48]} {[%emt 00:00:41]} Ke6 {[%clk
00:51:48]} {[%emt 00:00:11]} 40. Ne4 {[%clk 00:34:06]} {[%emt 00:00:12]} b6
{[%clk 00:51:39]} {[%emt 00:00:39]} 41. Ng5+ {[%clk 00:34:14]} {[%emt
00:00:22]} Kf6 {[%clk 00:52:00]} {[%emt 00:00:09]} 42. Ne4+ {[%clk 00:34:39]}
{[%emt 00:00:05]} Ke7 {[%clk 00:51:58]} {[%emt 00:00:32]} 43. h4 {[%clk
00:34:02]} {[%emt 00:01:07]} Ra4 {[%clk 00:52:08]} {[%emt 00:00:20]} 44. Ke3
{[%clk 00:34:25]} {[%emt 00:00:07]} Rxe4+ {[%clk 00:52:30]} {[%emt 00:00:08]}
45. Kxe4 {[%clk 00:34:48]} {[%emt 00:00:08]} Ke6 {[%clk 00:52:57]} {[%emt
00:00:03]} 0-1

[Event "ODJM B 2025"]
[Site "Willingen GER"]
[Date "2025.06.08"]
[Round "1"]
[White "Dintinger, Ata Lucien"]
[Black "Othman, Beesan"]
[Result "1-0"]
[Termination "normal"]
[Board "38"]
[WhiteElo "1557"]
[BlackElo "1732"]
[WhiteClock "01:13:48"]
[BlackClock "00:01:35"]
[PlyCount "73"]
[WhiteFideId "34654550"]
[BlackFideId "34640738"]
[EventCountry "GER"]
[EventRounds "9"]
[EventType "swiss"]
[EventDate "2025.06.07"]

1. e4 {[%clk 01:30:57]} {[%emt 00:00:03]} c5 {[%clk 01:28:39]} {[%emt
00:02:22]} 2. Nc3 {[%clk 01:31:09]} {[%emt 00:00:18]} Nc6 {[%clk 01:29:03]}
{[%emt 00:00:05]} 3. Bb5 {[%clk 01:30:58]} {[%emt 00:00:40]} Nd4 {[%clk
01:29:26]} {[%emt 00:00:08]} 4. f4 {[%clk 01:31:05]} {[%emt 00:00:24]} a6
{[%clk 01:27:30]} {[%emt 00:02:25]} 5. Bd3 {[%clk 01:30:50]} {[%emt 00:00:46]}
e6 {[%clk 01:22:42]} {[%emt 00:05:17]} 6. Nf3 {[%clk 01:31:04]} {[%emt
00:00:16]} Ne7 {[%clk 01:22:04]} {[%emt 00:01:08]} 7. Nxd4 {[%clk 01:31:26]}
{[%emt 00:00:09]} cxd4 {[%clk 01:22:33]} {[%emt 00:00:01]} 8. Ne2 {[%clk
01:31:43]} {[%emt 00:00:13]} Nc6 {[%clk 01:22:50]} {[%emt 00:00:12]} 9. c3
{[%clk 01:31:26]} {[%emt 00:00:47]} dxc3 {[%clk 01:20:31]} {[%emt 00:02:49]}
10. dxc3 {[%clk 01:31:48]} {[%emt 00:00:08]} Bc5 {[%clk 01:19:40]} {[%emt
00:01:21]} 11. Ng3 {[%clk 01:28:42]} {[%emt 00:03:36]} O-O {[%clk 01:14:31]}
{[%emt 00:05:39]} 12. Bd2 {[%clk 01:27:00]} {[%emt 00:02:12]} b5 {[%clk
01:08:39]} {[%emt 00:06:22]} 13. Qg4 {[%clk 01:27:15]} {[%emt 00:00:14]} Re8
{[%clk 00:24:15]} {[%emt 00:44:54]} 14. e5 {[%clk 01:26:51]} {[%emt 00:00:55]}
f5 {[%clk 00:23:39]} {[%emt 00:01:06]} 15. exf6 {[%clk 01:24:24]} {[%emt
00:00:15]} Bf8 {[%clk 00:24:08]} 16. Nh5 {[%clk 01:23:39]} {[%emt 00:03:57]} e5
{[%clk 00:20:07]} {[%emt 00:04:31]} 17. O-O-O {[%clk 01:23:26]} {[%emt
00:00:44]} d5 {[%clk 00:20:04]} {[%emt 00:00:32]} 18. Qg3 {[%clk 01:22:38]}
{[%emt 00:01:18]} e4 {[%clk 00:19:14]} {[%emt 00:01:21]} 19. Nxg7 {[%clk
01:22:19]} {[%emt 00:00:49]} Kf7 {[%clk 00:19:13]} {[%emt 00:00:32]} 20. Be2
{[%clk 01:21:51]} {[%emt 00:00:58]} Bxg7 {[%clk 00:17:27]} {[%emt 00:02:15]}
21. Qxg7+ {[%clk 01:22:03]} {[%emt 00:00:18]} Ke6 {[%clk 00:17:49]} {[%emt
00:00:08]} 22. f5+ {[%clk 01:18:20]} {[%emt 00:04:13]} Kd6 {[%clk 00:08:01]}
{[%emt 00:10:18]} 23. Bf4+ {[%clk 01:18:08]} {[%emt 00:00:42]} Re5 {[%clk
00:06:43]} {[%emt 00:01:48]} 24. Qf7 {[%clk 01:16:51]} {[%emt 00:01:47]} Kc5
{[%clk 00:04:30]} {[%emt 00:02:43]} 25. b4+ {[%clk 01:16:25]} {[%emt 00:00:55]}
Kb6 {[%clk 00:04:39]} {[%emt 00:00:21]} 26. Bxe5 {[%clk 01:16:00]} {[%emt
00:00:55]} Nxe5 {[%clk 00:04:28]} {[%emt 00:00:41]} 27. Qxd5 {[%clk 01:15:37]}
{[%emt 00:00:53]} Qxd5 {[%clk 00:04:32]} {[%emt 00:00:27]} 28. Rxd5 {[%clk
01:15:59]} {[%emt 00:00:08]} Nd3+ {[%clk 00:04:10]} {[%emt 00:00:51]} 29. Bxd3
{[%clk 01:16:19]} {[%emt 00:00:11]} exd3 {[%clk 00:04:38]} {[%emt 00:00:02]}
30. Rxd3 {[%clk 01:16:33]} {[%emt 00:00:15]} Bxf5 {[%emt 00:00:26]} 31. Rf3
{[%clk 01:16:42]} Be6 {[%clk 00:03:49]} {[%emt 00:01:44]} 32. Re1 {[%clk
01:16:08]} {[%emt 00:01:04]} Bxa2 {[%clk 00:03:28]} {[%emt 00:00:52]} 33. f7
{[%clk 01:16:30]} {[%emt 00:00:07]} Rf8 {[%clk 00:03:52]} {[%emt 00:00:06]} 34.
Rf6+ {[%clk 01:16:32]} {[%emt 00:00:29]} Kc7 {[%clk 00:02:52]} {[%emt
00:01:30]} 35. Rxa6 {[%clk 01:15:42]} {[%emt 00:01:20]} Bd5 {[%clk 00:02:10]}
{[%emt 00:01:12]} 36. Ra7+ {[%clk 01:13:29]} {[%emt 00:02:43]} Kd8 {[%clk
00:01:35]} {[%emt 00:01:05]} 37. Rd1 {[%clk 01:13:48]} {[%emt 00:00:11]} 1-0

[Event "ODJM B 2025"]
[Site "Willingen GER"]
[Date "2025.06.08"]
[Round "1"]
[White "Berger, Friedrich Richard"]
[Black "Krannich, Eva"]
[Result "1/2-1/2"]
[Termination "normal"]
[Board "39"]
[WhiteElo "1723"]
[BlackElo "1509"]
[WhiteClock "00:15:29"]
[BlackClock "00:23:13"]
[PlyCount "59"]
[WhiteFideId "34663169"]
[BlackFideId "34639713"]
[EventCountry "GER"]
[EventRounds "9"]
[EventType "swiss"]
[EventDate "2025.06.07"]

1. e4 {[%clk 01:30:34]} {[%emt 00:00:24]} c5 {[%clk 01:30:56]} {[%emt
00:00:05]} 2. d4 {[%clk 01:30:38]} {[%emt 00:00:26]} cxd4 {[%clk 01:31:21]}
{[%emt 00:00:05]} 3. c3 {[%clk 01:30:50]} {[%emt 00:00:18]} dxc3 {[%clk
01:31:46]} {[%emt 00:00:05]} 4. Nxc3 {[%clk 01:31:07]} {[%emt 00:00:13]} Nc6
{[%clk 01:32:07]} {[%emt 00:00:09]} 5. Nf3 {[%clk 01:31:09]} {[%emt 00:00:28]}
d6 {[%clk 01:32:25]} {[%emt 00:00:12]} 6. Bc4 {[%clk 01:31:15]} {[%emt
00:00:24]} a6 {[%clk 01:32:38]} {[%emt 00:00:18]} 7. O-O {[%clk 01:30:52]}
{[%emt 00:00:53]} Nf6 {[%clk 01:32:08]} {[%emt 00:00:59]} 8. Qe2 {[%clk
01:26:29]} {[%emt 00:04:53]} Bg4 {[%clk 01:31:31]} {[%emt 00:01:08]} 9. Rd1
{[%clk 01:25:08]} {[%emt 00:01:50]} e6 {[%clk 01:30:15]} {[%emt 00:01:46]} 10.
Bf4 {[%clk 01:21:03]} {[%emt 00:04:35]} Nh5 {[%clk 01:29:54]} {[%emt 00:00:52]}
11. Qe3 {[%clk 01:10:10]} {[%emt 00:11:18]} Nxf4 {[%clk 01:29:48]} {[%emt
00:00:40]} 12. Qxf4 {[%clk 01:10:32]} {[%emt 00:00:08]} Bxf3 {[%clk 01:30:12]}
{[%emt 00:00:06]} 13. Qxf3 {[%clk 01:07:02]} {[%emt 00:04:00]} Ne5 {[%clk
01:29:38]} {[%emt 00:01:04]} 14. Qe2 {[%clk 01:07:10]} {[%emt 00:00:23]} g5
{[%clk 01:29:45]} {[%emt 00:00:22]} 15. Bb3 {[%clk 01:03:09]} {[%emt 00:04:32]}
Be7 {[%clk 01:20:09]} {[%emt 00:10:06]} 16. Qh5 {[%clk 00:57:30]} {[%emt
00:06:08]} O-O {[%clk 01:10:45]} {[%emt 00:09:54]} 17. a4 {[%clk 00:48:43]}
{[%emt 00:09:18]} Qb6 {[%clk 01:01:19]} {[%emt 00:09:55]} 18. Ra3 {[%clk
00:38:23]} {[%emt 00:10:51]} d5 {[%clk 00:52:55]} {[%emt 00:08:55]} 19. a5
{[%clk 00:37:48]} {[%emt 00:01:05]} Qc7 {[%clk 00:49:21]} {[%emt 00:04:04]} 20.
Ra4 {[%clk 00:35:42]} {[%emt 00:02:35]} Nc4 {[%clk 00:43:49]} {[%emt 00:06:03]}
21. Bxc4 {[%clk 00:34:06]} {[%emt 00:02:05]} dxc4 {[%clk 00:44:08]} {[%emt
00:00:10]} 22. Rd4 {[%clk 00:32:04]} {[%emt 00:02:33]} Rac8 {[%clk 00:36:15]}
{[%emt 00:08:22]} 23. Qe2 {[%clk 00:25:23]} {[%emt 00:07:11]} Bf6 {[%clk
00:30:56]} {[%emt 00:05:50]} 24. Rdxc4 {[%clk 00:23:44]} {[%emt 00:02:09]} Qf4
{[%clk 00:28:09]} {[%emt 00:03:18]} 25. g3 {[%clk 00:23:25]} {[%emt 00:00:48]}
Qe5 {[%clk 00:27:58]} {[%emt 00:00:41]} 26. Kg2 {[%clk 00:22:45]} {[%emt
00:01:10]} Rxc4 {[%clk 00:26:42]} {[%emt 00:01:46]} 27. Qxc4 {[%clk 00:22:42]}
{[%emt 00:00:33]} Rd8 {[%clk 00:26:42]} {[%emt 00:00:30]} 28. Qb3 {[%clk
00:19:32]} {[%emt 00:03:39]} Qc7 {[%clk 00:23:32]} {[%emt 00:03:42]} 29. Qc4
{[%clk 00:17:56]} {[%emt 00:02:05]} Rc8 {[%clk 00:23:13]} {[%emt 00:00:50]} 30.
Qb4 {[%clk 00:15:29]} {[%emt 00:02:56]} 1/2-1/2

[Event "ODJM B 2025"]
[Site "Willingen GER"]
[Date "2025.06.08"]
[Round "1"]
[White "Gretzinger, Maximilian"]
[Black "Golke, Philipp"]
[Result "1/2-1/2"]
[Termination "normal"]
[Board "40"]
[WhiteElo "1710"]
[BlackElo "1729"]
[WhiteClock "00:06:34"]
[BlackClock "00:20:11"]
[PlyCount "194"]
[WhiteFideId "34694960"]
[BlackFideId "34625259"]
[EventCountry "GER"]
[EventRounds "9"]
[EventType "swiss"]
[EventDate "2025.06.07"]

1. e4 {[%clk 01:30:57]} {[%emt 00:00:03]} c5 {[%clk 01:30:27]} {[%emt
00:00:33]} 2. Nf3 {[%clk 01:31:25]} {[%emt 00:00:02]} d6 {[%clk 01:30:01]}
{[%emt 00:00:57]} 3. Bb5+ {[%clk 01:31:46]} {[%emt 00:00:09]} Bd7 {[%clk
01:30:19]} {[%emt 00:00:11]} 4. Bxd7+ {[%clk 01:32:14]} {[%emt 00:00:03]} Nxd7
{[%clk 01:30:35]} {[%emt 00:00:15]} 5. O-O {[%clk 01:32:30]} {[%emt 00:00:13]}
g6 {[%clk 01:28:57]} {[%emt 00:02:08]} 6. d3 {[%clk 01:27:17]} {[%emt
00:05:43]} Bg7 {[%clk 01:27:35]} {[%emt 00:01:52]} 7. c3 {[%clk 01:26:19]}
{[%emt 00:01:27]} Ngf6 {[%clk 01:27:52]} {[%emt 00:00:13]} 8. Be3 {[%clk
01:24:46]} {[%emt 00:02:03]} O-O {[%clk 01:20:37]} {[%emt 00:07:46]} 9. Nbd2
{[%clk 01:23:03]} {[%emt 00:02:13]} h5 {[%clk 01:02:15]} {[%emt 00:18:52]} 10.
Qc2 {[%clk 01:07:52]} {[%emt 00:15:41]} Ng4 {[%clk 01:02:31]} {[%emt 00:00:15]}
11. Rae1 {[%clk 00:58:50]} {[%emt 00:09:32]} e5 {[%clk 00:59:38]} {[%emt
00:03:23]} 12. Re2 {[%clk 00:47:12]} {[%emt 00:12:08]} Nxe3 {[%clk 00:46:46]}
{[%emt 00:13:22]} 13. fxe3 {[%clk 00:45:58]} {[%emt 00:01:43]} g5 {[%clk
00:46:49]} {[%emt 00:00:28]} 14. g3 {[%clk 00:43:46]} {[%emt 00:02:42]} Bf6
{[%clk 00:38:01]} {[%emt 00:09:18]} 15. Nc4 {[%clk 00:40:12]} {[%emt 00:04:03]}
Nb6 {[%clk 00:37:08]} {[%emt 00:01:24]} 16. Nxb6 {[%clk 00:38:03]} {[%emt
00:02:40]} axb6 {[%clk 00:36:01]} {[%emt 00:01:36]} 17. Qb3 {[%clk 00:34:27]}
{[%emt 00:04:06]} Be7 {[%clk 00:30:02]} {[%emt 00:06:28]} 18. Ref2 {[%clk
00:31:01]} {[%emt 00:03:56]} Kh8 {[%clk 00:22:30]} {[%emt 00:08:02]} 19. Nd2
{[%clk 00:29:19]} {[%emt 00:02:12]} f6 {[%clk 00:20:22]} {[%emt 00:02:39]} 20.
a3 {[%clk 00:26:13]} {[%emt 00:03:36]} Kg7 {[%clk 00:17:11]} {[%emt 00:03:40]}
21. Nb1 {[%clk 00:23:33]} {[%emt 00:03:10]} Ra6 {[%clk 00:15:39]} {[%emt
00:02:03]} 22. c4 {[%clk 00:23:23]} {[%emt 00:00:40]} Rh8 {[%clk 00:15:04]}
{[%emt 00:01:05]} 23. h3 {[%clk 00:22:39]} {[%emt 00:01:14]} Qd7 {[%clk
00:14:51]} {[%emt 00:00:43]} 24. Rf5 {[%clk 00:21:32]} {[%emt 00:01:36]} h4
{[%clk 00:14:05]} {[%emt 00:01:17]} 25. g4 {[%clk 00:21:46]} {[%emt 00:00:15]}
Rf8 {[%clk 00:12:07]} {[%emt 00:02:28]} 26. Nc3 {[%clk 00:21:38]} {[%emt
00:00:38]} Bd8 {[%clk 00:11:43]} {[%emt 00:00:54]} 27. Nd5 {[%clk 00:20:59]}
{[%emt 00:01:09]} Qa4 {[%clk 00:07:29]} {[%emt 00:04:45]} 28. Qxa4 {[%clk
00:20:57]} {[%emt 00:00:31]} Rxa4 {[%clk 00:07:55]} {[%emt 00:00:05]} 29. Nc3
{[%clk 00:21:02]} {[%emt 00:00:25]} Ra5 {[%clk 00:07:10]} {[%emt 00:01:15]} 30.
Nb5 {[%clk 00:21:08]} {[%emt 00:00:24]} Be7 {[%clk 00:06:53]} {[%emt 00:00:47]}
31. Nc7 {[%clk 00:20:59]} {[%emt 00:00:37]} Rf7 {[%clk 00:06:40]} {[%emt
00:00:44]} 32. Ne6+ {[%clk 00:20:03]} {[%emt 00:01:27]} Kg6 {[%clk 00:05:33]}
{[%emt 00:01:36]} 33. Nxg5 {[%clk 00:20:09]} {[%emt 00:00:24]} Rf8 {[%clk
00:05:33]} {[%emt 00:00:30]} 34. Nf3 {[%clk 00:19:09]} {[%emt 00:01:31]} Rh8
{[%clk 00:05:50]} {[%emt 00:00:13]} 35. Rf2 {[%clk 00:16:33]} {[%emt 00:03:05]}
b5 {[%clk 00:05:50]} {[%emt 00:00:31]} 36. Nd2 {[%clk 00:13:48]} {[%emt
00:03:14]} b4 {[%clk 00:04:22]} {[%emt 00:01:58]} 37. axb4 {[%clk 00:10:00]}
{[%emt 00:04:18]} cxb4 {[%clk 00:04:47]} {[%emt 00:00:05]} 38. Nb3 {[%clk
00:09:52]} {[%emt 00:00:38]} Ra2 {[%clk 00:04:50]} {[%emt 00:00:27]} 39. Rc2
{[%clk 00:09:08]} {[%emt 00:01:14]} b6 {[%clk 00:04:07]} {[%emt 00:01:13]} 40.
Rf1 {[%clk 00:06:24]} {[%emt 00:03:13]} Raa8 {[%clk 00:04:15]} {[%emt
00:00:23]} 41. Rcc1 {[%clk 00:02:11]} {[%emt 00:04:42]} Ra2 {[%clk 00:29:58]}
{[%emt 00:04:47]} 42. Rb1 {[%clk 00:32:16]} {[%emt 00:00:26]} Rc8 {[%clk
00:29:18]} {[%emt 00:01:07]} 43. Na1 {[%clk 00:29:55]} {[%emt 00:02:53]} Rca8
{[%clk 00:25:02]} {[%emt 00:04:46]} 44. Nc2 {[%clk 00:29:52]} {[%emt 00:00:33]}
b3 {[%clk 00:24:14]} {[%emt 00:01:19]} 45. Na1 {[%clk 00:29:41]} {[%emt
00:00:41]} R8a4 {[%clk 00:24:26]} {[%emt 00:00:15]} 46. Rfc1 {[%clk 00:27:44]}
{[%emt 00:02:29]} Bf8 {[%clk 00:24:36]} {[%emt 00:00:20]} 47. Nxb3 {[%clk
00:26:39]} {[%emt 00:01:35]} Rb4 {[%clk 00:22:29]} {[%emt 00:02:38]} 48. Rc3
{[%clk 00:24:14]} {[%emt 00:02:54]} Bh6 {[%clk 00:22:37]} {[%emt 00:00:22]} 49.
Kf2 {[%clk 00:23:33]} {[%emt 00:01:10]} Kf7 {[%clk 00:22:27]} {[%emt 00:00:41]}
50. Ke2 {[%clk 00:21:10]} {[%emt 00:02:53]} Ke7 {[%clk 00:22:46]} {[%emt
00:00:10]} 51. d4 {[%clk 00:20:54]} {[%emt 00:00:47]} Kd7 {[%clk 00:22:50]}
{[%emt 00:00:27]} 52. Kd3 {[%clk 00:18:23]} {[%emt 00:03:00]} exd4 {[%clk
00:22:28]} {[%emt 00:00:51]} 53. exd4 {[%clk 00:17:48]} {[%emt 00:01:06]} Bf4
{[%clk 00:21:51]} {[%emt 00:01:08]} 54. Kc2 {[%clk 00:14:07]} {[%emt 00:04:10]}
b5 {[%clk 00:21:39]} {[%emt 00:00:42]} 55. cxb5 {[%clk 00:13:59]} {[%emt
00:00:38]} Rxb5 {[%emt 00:01:32]} 56. Nc1 {[%clk 00:12:55]} {[%emt 00:00:08]}
Ra4 {[%clk 00:22:03]} {[%emt 00:00:28]} 57. Ne2 {[%clk 00:12:59]} {[%emt
00:00:28]} Bg5 {[%clk 00:22:25]} {[%emt 00:00:09]} 58. Rf1 {[%clk 00:11:24]}
{[%emt 00:02:04]} Rab4 {[%clk 00:22:42]} {[%emt 00:00:13]} 59. b3 {[%clk
00:11:31]} {[%emt 00:00:23]} d5 {[%clk 00:22:45]} {[%emt 00:00:28]} 60. exd5
{[%clk 00:11:18]} {[%emt 00:00:42]} Kd6 {[%clk 00:22:39]} {[%emt 00:00:36]} 61.
Rf5 {[%clk 00:11:28]} {[%emt 00:00:20]} Rxd5 {[%clk 00:22:41]} {[%emt
00:00:28]} 62. Rxd5+ {[%clk 00:11:29]} {[%emt 00:00:29]} Kxd5 {[%clk 00:23:04]}
{[%emt 00:00:07]} 63. Kd3 {[%clk 00:11:36]} {[%emt 00:00:23]} Rb8 {[%clk
00:22:59]} {[%emt 00:00:34]} 64. Rc5+ {[%clk 00:11:24]} {[%emt 00:00:43]} Kd6
{[%clk 00:23:17]} {[%emt 00:00:12]} 65. Rc3 {[%clk 00:08:13]} {[%emt 00:03:41]}
Re8 {[%clk 00:23:22]} {[%emt 00:00:25]} 66. Ng1 {[%clk 00:07:51]} {[%emt
00:00:51]} Kd5 {[%clk 00:20:15]} {[%emt 00:03:39]} 67. Rc5+ {[%clk 00:06:31]}
{[%emt 00:01:50]} Kd6 {[%clk 00:20:40]} {[%emt 00:00:05]} 68. Rc3 {[%clk
00:06:45]} {[%emt 00:00:14]} Kd5 {[%clk 00:21:06]} {[%emt 00:00:05]} 69. Kc2
{[%clk 00:06:08]} {[%emt 00:01:07]} Kxd4 {[%clk 00:21:16]} {[%emt 00:00:20]}
70. Nf3+ {[%clk 00:06:25]} {[%emt 00:00:12]} Kd5 {[%clk 00:21:40]} {[%emt
00:00:06]} 71. Nxg5 {[%clk 00:06:45]} {[%emt 00:00:11]} fxg5 {[%clk 00:22:04]}
{[%emt 00:00:07]} 72. Rf3 {[%clk 00:06:55]} {[%emt 00:00:19]} Re2+ {[%clk
00:20:24]} {[%emt 00:02:11]} 73. Kd3 {[%clk 00:07:05]} {[%emt 00:00:19]} Rh2
{[%clk 00:18:49]} {[%emt 00:02:04]} 74. b4 {[%clk 00:06:45]} {[%emt 00:00:51]}
Rg2 {[%clk 00:15:17]} {[%emt 00:04:01]} 75. Rf5+ {[%clk 00:06:11]} {[%emt
00:01:04]} Kc6 {[%clk 00:15:14]} {[%emt 00:00:33]} 76. Rxg5 {[%clk 00:06:15]}
{[%emt 00:00:26]} Rg3+ {[%clk 00:15:40]} {[%emt 00:00:05]} 77. Ke4 {[%clk
00:06:44]} {[%emt 00:00:01]} Rxh3 {[%clk 00:16:00]} {[%emt 00:00:10]} 78. Kf4
{[%clk 00:06:23]} {[%emt 00:00:51]} Rh1 {[%clk 00:15:48]} {[%emt 00:00:42]} 79.
Rh5 {[%clk 00:06:39]} {[%emt 00:00:13]} Kd6 {[%clk 00:15:14]} {[%emt 00:01:04]}
80. Kf3 {[%clk 00:05:58]} {[%emt 00:01:11]} Rh3+ {[%clk 00:15:25]} {[%emt
00:00:18]} 81. Kf4 {[%clk 00:05:57]} {[%emt 00:00:32]} Rb3 {[%clk 00:15:31]}
{[%emt 00:00:24]} 82. Rxh4 {[%clk 00:05:59]} {[%emt 00:00:28]} Rxb4+ {[%clk
00:15:56]} {[%emt 00:00:06]} 83. Kg5 {[%clk 00:06:17]} {[%emt 00:00:11]} Ke7
{[%clk 00:16:05]} {[%emt 00:00:21]} 84. Kh6 {[%clk 00:06:31]} {[%emt 00:00:16]}
Kf7 {[%clk 00:16:10]} {[%emt 00:00:25]} 85. Kh5 {[%clk 00:06:14]} {[%emt
00:00:47]} Kg7 {[%clk 00:16:18]} {[%emt 00:00:22]} 86. g5 {[%clk 00:06:14]}
{[%emt 00:00:30]} Rxh4+ {[%clk 00:16:26]} {[%emt 00:00:23]} 87. Kxh4 {[%clk
00:06:41]} {[%emt 00:00:02]} Kg6 {[%clk 00:16:32]} {[%emt 00:00:24]} 88. Kg4
{[%clk 00:07:03]} {[%emt 00:00:08]} Kg7 {[%clk 00:16:56]} {[%emt 00:00:07]} 89.
Kf5 {[%clk 00:07:16]} {[%emt 00:00:16]} Kf7 {[%clk 00:17:20]} {[%emt 00:00:06]}
90. g6+ {[%clk 00:07:24]} {[%emt 00:00:22]} Kg7 {[%clk 00:17:44]} {[%emt
00:00:05]} 91. Kg5 {[%clk 00:07:45]} {[%emt 00:00:09]} Kg8 {[%clk 00:18:10]}
{[%emt 00:00:05]} 92. Kf4 {[%clk 00:07:33]} {[%emt 00:00:42]} Kg7 {[%clk
00:18:21]} {[%emt 00:00:20]} 93. Kf5 {[%clk 00:07:21]} {[%emt 00:00:41]} Kg8
{[%clk 00:18:38]} {[%emt 00:00:12]} 94. Kg5 {[%clk 00:06:11]} {[%emt 00:01:41]}
Kg7 {[%clk 00:19:00]} {[%emt 00:00:07]} 95. Kh5 {[%clk 00:06:33]} {[%emt
00:00:08]} Kg8 {[%clk 00:19:24]} {[%emt 00:00:06]} 96. Kh6 {[%clk 00:06:56]}
{[%emt 00:00:07]} Kh8 {[%clk 00:19:48]} {[%emt 00:00:06]} 97. g7+ {[%clk
00:06:34]} {[%emt 00:00:53]} Kg8 {[%clk 00:20:11]} {[%emt 00:00:06]} 1/2-1/2